000 01094nam a22002417a 4500
999 _c22339
_d22339
003 AR-CdUCM
008 190429b ||||| |||| 00| 0 spa d
040 _aMUNICIPALIDAD PROVINCIAL DEL CUSCO
_cBIBLIOTECA MUNICIPAL DEL CUSCO
082 _aAnta/N°1/2016
110 _aMunicipalidad Provincial de Anta
_944100
245 _aAnta destino turístico del Perú :
_bRevista informativa cultural turística /
_cMunicipalidad Provincial de Anta
260 _aCusco.
_bAmericana,
_bMunicipalidad Provincial de Anta,
_c2016.
300 _a80 páginas. :
_bilustraciones en color ;
_c15x21 cm.
440 _aAnta.
_nN°01, mayo 2016.
_947878
505 _aContenido: El Apu Kunkunña. -- Sitio arqueológico Andenes de Zurite. -- Sitio arqueológico de Tumibamba, Killarumiyoq, Tarawasi, Qollmay, Markawasi, Choquechurco, Choquequirao.
650 _aAtractivos turísticos
_943106
650 _aSitios arqueológicos
_97688
650 _aHistoria de Anta
_944101
650 _aProvincia de Anta
_947879
700 _aLlacolla Huallparimachi, Justino Wiler
_944099
942 _2ddc
_cPP
945 _arac